Southville International School and Colleges
Your cart is empty.
  • Cart
  • Lists
    Public lists Eva Luna New books Lux_list list_1
    Your lists Log in to create your own lists
  • Log in to your account
  • Your cookies
  • Search history
Southville International School and Colleges
  • Advanced search
  • Recent comments
  • Most popular
  • Libraries

Log in to your account

Log in with GOOGLE


If you do not have an external account, but do have a local account, you can still log in:

  1. Home
  2. MARC view: Introduction to Vygotsky /
Normal view MARC view ISBD view

Introduction to Vygotsky / (Record no. 359300)

[ view plain ]
MARC details
000 -LEADER
fixed length control field 00454nam a2200157Ia 4500
008 - FIXED-LENGTH DATA ELEMENTS--GENERAL INFORMATION
fixed length control field 181023s9999 xx 000 0 und d
020 ## - INTERNATIONAL STANDARD BOOK NUMBER
International Standard Book Number 9781138125223
100 ## - MAIN ENTRY--PERSONAL NAME
Personal name Daniels, Harry.
245 ## - TITLE STATEMENT
Statement of responsibility, etc Harry Daniels.--
Title Introduction to Vygotsky /
250 ## - EDITION STATEMENT
Edition statement 3rd ed
260 ## - PUBLICATION, DISTRIBUTION, ETC. (IMPRINT)
Place of publication, distribution, etc New York :
Name of publisher, distributor, etc Routledge
Date of publication, distribution, etc 2017
300 ## - PHYSICAL DESCRIPTION
Extent ix, 294 pages.
500 ## - GENERAL NOTE
General note Includes indexes.
650 ## - SUBJECT ADDED ENTRY--TOPICAL TERM
Topical term or geographic name as entry element Psychology.
650 ## - SUBJECT ADDED ENTRY--TOPICAL TERM
Topical term or geographic name as entry element Vygotsky, L. S. (Lev Semenovich), 1896-1934.
Holdings
Withdrawn status Lost status Damaged status Home library Current library Shelving location Date acquired Source of acquisition Total Checkouts Full call number Barcode Date last seen Price effective from Koha item type
      College Library College Library Reserve Section 10/23/2018 Library Fund   BF 109.V95 .D18 2017 C21659 10/23/2018 10/23/2018 Books

Introduction to Vygotsky /

APA

Daniels H., . (2017). Introduction to Vygotsky. New York: Routledge.

Chicago

Daniels Harry, . 2017. Introduction to Vygotsky. New York: Routledge.

Harvard

Daniels H., . (2017). Introduction to Vygotsky. New York: Routledge.

MLA

Daniels Harry, . Introduction to Vygotsky. New York: Routledge. 2017.

  • Place hold
  • Print
  • Cite
  • Add to your cart (remove)
  • Save record
    BIBTEX Dublin Core MARCXML MARC (non-Unicode/MARC-8) MARC (Unicode/UTF-8) MARC (Unicode/UTF-8, Standard) MODS (XML) RIS
  • More searches
    Search for this title in:
    Other Libraries (WorldCat) Other Databases (Google Scholar) Online Stores (Bookfinder.com) Open Library (openlibrary.org)

Exporting to Dublin Core...

SOUTHVILLE LIBRARY

Southville International School and Colleges Library

1281 Tropical Ave. Cor. Luxembourg St., BF Homes International, Las Pinas City

Tel. No. 8256374 / 252358 Loc. 117/146

Powered by Koha